|
|
|
|
| LEADER |
00000cam a2200000 7i4500 |
| 001 |
0000018667 |
| 005 |
20070212.0 |
| 020 |
|
|
|a 9678917009
|
| 040 |
|
|
|a INS
|
| 090 |
0 |
0 |
|a KF4594
|b M5 2006
|
| 110 |
1 |
|
|a Malaysia
|
| 240 |
0 |
0 |
|a [Real Property Gains Tax Act 1976 (Act 169)]
|
| 245 |
1 |
0 |
|a Real Property Gains Tax Act 1976 (Act 169) :
|b (As at 1st September 2006)
|c compiled by Legal Research Board
|
| 260 |
|
|
|a Petaling Jaya :
|b International Law Book Services ,
|c 2006
|
| 300 |
|
|
|a ip :
|b 82p. ;
|c 24cm.
|
| 650 |
0 |
0 |
|a Capital Gains Tax
|
| 650 |
0 |
0 |
|a Real Property tax-Malaysia
|
| 710 |
1 |
|
|a International Law Book Services. Legal Research Board
|
| 999 |
|
|
|a 0000018166
|b BOOK
|c Acts
|e Default branch
|
| 999 |
|
|
|a 0000018182
|b BOOK
|c Open Shelf
|e Default branch
|